000 00782cam a22002054a 4500
005 20250605164120.0
008 250528s ||||||||||||||||||||||||d
035 _a18226
020 _a914845683
040 _aGR-AtMCL
_bgre
_dGR-AtMCL
_eAACR2
245 1 _aRunning Ms-DOS / The Microsoft Guide to Getting the Most Out of the Standard Operating System for the IBM PC and 50 other Personal Computers
250 _a2nd
260 _bMicrosoftpress,
_c1985
300 _a430
520 _aAn inside book at the software that tells your computer how to think. Acknowledgements, Introduction, Getting to Know DOS, Learning to Use DOS, Quick Reference to DOS Commands, Glossary, Index.
700 1 _aWolverton Van
_94511
942 _cBK
999 _c3601
_d3601